<?xml version="1.0" encoding="UTF-8"?>
<record
    xmlns:xsi="http://www.w3.org/2001/XMLSchema-instance"
    xsi:schemaLocation="http://www.loc.gov/MARC21/slim http://www.loc.gov/standards/marcxml/schema/MARC21slim.xsd"
    xmlns="http://www.loc.gov/MARC21/slim">

  <leader>02007nas a22002537a 4500</leader>
  <datafield tag="999" ind1=" " ind2=" ">
    <subfield code="c">40796</subfield>
    <subfield code="d">40796</subfield>
  </datafield>
  <controlfield tag="005">20200515102251.0</controlfield>
  <controlfield tag="007">cz aa aaaaaaaa</controlfield>
  <controlfield tag="008">200425b           b||poo||j| 00| 0 eng d</controlfield>
  <datafield tag="022" ind1=" " ind2=" ">
    <subfield code="a">2454-3365</subfield>
  </datafield>
  <datafield tag="040" ind1=" " ind2=" ">
    <subfield code="c">OCLC</subfield>
  </datafield>
  <datafield tag="082" ind1=" " ind2=" ">
    <subfield code="a">420</subfield>
    <subfield code="b">JOU/E</subfield>
  </datafield>
  <datafield tag="210" ind1=" " ind2=" ">
    <subfield code="a">TLH</subfield>
  </datafield>
  <datafield tag="245" ind1=" " ind2=" ">
    <subfield code="a">The Literary Herald</subfield>
    <subfield code="b">An International Refereed English e-Journal</subfield>
    <subfield code="h">e-Journal (Open Access)</subfield>
  </datafield>
  <datafield tag="260" ind1=" " ind2=" ">
    <subfield code="a">Chitrakoot, MP, INDIA</subfield>
    <subfield code="b">The Literary Herald</subfield>
  </datafield>
  <datafield tag="300" ind1=" " ind2=" ">
    <subfield code="a">PDF(online)</subfield>
  </datafield>
  <datafield tag="310" ind1=" " ind2=" ">
    <subfield code="a">Bi-Monthly</subfield>
  </datafield>
  <datafield tag="365" ind1=" " ind2=" ">
    <subfield code="e">Open Access</subfield>
  </datafield>
  <datafield tag="500" ind1=" " ind2=" ">
    <subfield code="a">The  Literary Herald &#x2013; an international, refereed / peer-reviewed, impact factor, low fee, fast-review, open-access e-journal of English language and literature, is published Bi-monthly (August, October, December, February, April, June). It publishes original, authentic, scholarly and unpublished research articles, essays, short stories, poetry, book reviews, translations, and interviews received from scholars/ faculty/ researchers/ writers and professors  the world over through e-mail attachments on English language and literature. The journal is open to International English Literature, Post-colonial Literature, New Literature, English Language Teaching, Commonwealth Literature, Indian Writing in English, Applied Linguistics and TEFL, and Literatures written in English. The journal seeks to promote interpretative critical analysis and in-depth insights into established and new literatures, and thereby generate an academically serious and healthy debate in the literary circles. It also supports literary contributions in the form of original as well as translated poetry and fiction. Being international, it welcomes research articles/papers from outside India also; being refereed it follows a strict double-blind peer-revie</subfield>
  </datafield>
  <datafield tag="650" ind1=" " ind2="0">
    <subfield code="a">Language</subfield>
    <subfield code="v">English &amp; Old English</subfield>
    <subfield code="x">English</subfield>
    <subfield code="9">2316</subfield>
  </datafield>
  <datafield tag="651" ind1=" " ind2="0">
    <subfield code="9">2254</subfield>
    <subfield code="a">India</subfield>
  </datafield>
  <datafield tag="655" ind1=" " ind2="0">
    <subfield code="9">2257</subfield>
    <subfield code="a">e-Journal</subfield>
  </datafield>
  <datafield tag="856" ind1=" " ind2=" ">
    <subfield code="u">https://www.tlhjournal.com/index.php</subfield>
  </datafield>
  <datafield tag="942" ind1=" " ind2=" ">
    <subfield code="2">ddc</subfield>
    <subfield code="c">EJ</subfield>
    <subfield code="h">420</subfield>
    <subfield code="k">420</subfield>
    <subfield code="m">JOU/E</subfield>
    <subfield code="s">1</subfield>
  </datafield>
</record>
